SoS Environment v Fletcher Estates (Harlescott) Ltd (Record no. 56024)

MARC details
000 -LEADER
fixed length control field 01844cab a2200265 4500
001 - CONTROL NUMBER
control field ABS59286
008 - FIXED-LENGTH DATA ELEMENTS--GENERAL INFORMATION
fixed length control field 090401t1998 xxu||||| |||| 00| 0 eng d
035 ## - SYSTEM CONTROL NUMBER
System control number (Sirsi) u88624
041 ## - LANGUAGE CODE
Language code of text/sound track or separate title eng
245 ## - TITLE STATEMENT
Title SoS Environment v Fletcher Estates (Harlescott) Ltd
260 ## - PUBLICATION, DISTRIBUTION, ETC.
Date of publication, distribution, etc. 1998
350 ## - PRICE (NR) (BK AM CF MU VM SE) [OBSOLETE]
Price 0
490 ## - SERIES STATEMENT
Series statement Estates Gazette
Volume/sequential designation [1998] 38 EG 155-160(6) (19 September 1998)
520 ## - SUMMARY, ETC.
Summary, etc. "SoS Environment v Fletcher Estates (Harlescott) Ltd; Same v Newell and others" CA 11 June 1998. Notices for the purposes of the Land Compensation Act 1961 s22(2)(a) were published and served of the making of a compulsory purchase order by the SoS Transport, to acquire land belonging to the respondent landowners for the construction of a bypass. The respondents applied for certificates of appropriate alternative development under s17 of the Act. Certificates for residential and industrial development were issued. On appeals by the SoS Transport, the appellant SoS Environment allowed the appeals, substituting negative certificates. In the court below the judge held that the relevant date for the purposes of s17(4) was the date for the purposes of s22(2)(a), the date of the notices of the making of the compulsory purchase order. He found that in issuing a certificate the issues behind the scheme should be discounted. SoS appealed. Held: Appeal was allowed.
650 ## - SUBJECT ADDED ENTRY--TOPICAL TERM
Topical term or geographic name entry element BYPASS
650 ## - SUBJECT ADDED ENTRY--TOPICAL TERM
Topical term or geographic name entry element CERTIFICATE OF APPROPRIATE ALTERNATIVE DEVELOPMENT
650 ## - SUBJECT ADDED ENTRY--TOPICAL TERM
Topical term or geographic name entry element COMPULSORY PURCHASE ORDER
650 ## - SUBJECT ADDED ENTRY--TOPICAL TERM
Topical term or geographic name entry element LAND COMPENSATION ACT 1961
650 ## - SUBJECT ADDED ENTRY--TOPICAL TERM
Topical term or geographic name entry element ROAD CONSTRUCTION
650 ## - SUBJECT ADDED ENTRY--TOPICAL TERM
Topical term or geographic name entry element SOS ENVIRONMENT V FLETCHER ESTATES (HARLESCOTT) LTD
650 ## - SUBJECT ADDED ENTRY--TOPICAL TERM
Topical term or geographic name entry element SOS ENVIRONMENT V NEWELL AND OTHERS
690 ## - LOCAL SUBJECT ADDED ENTRY--TOPICAL TERM (OCLC, RLIN)
Topical term or geographic name as entry element ENVIRONMENTAL AND LAND CONSULTANCY-PLANNING AND DEVELOPMENT-COMPULSORY PURCHASE AND COMPENSATION
942 ## - ADDED ENTRY ELEMENTS (KOHA)
Suppress in OPAC 0
948 ## - LOCAL PROCESSING INFORMATION (OCLC); SERIES PART DESIGNATOR (RLIN)
c (OCLC) 24/09/1998
Holdings
Withdrawn status Lost status Source of classification or shelving scheme Damaged status Not for loan Home library Current library Shelving location Date acquired Total Checkouts Full call number Barcode Date last seen Copy number Price effective from Koha item type
    Dewey Decimal Classification     London London Journal article 14/09/1999   ABS59286 88624-1001 06/08/2019 1 06/08/2019 Law report